| 000 | 00353pab a2200145 454500 | ||
|---|---|---|---|
| 008 | 180718b1983 xxu||||| |||| 00| 0 eng d | ||
| 100 | _aRathor, B.S. | ||
| 245 | _aProblems of research in marketing management | ||
| 260 | _c1983 | ||
| 300 | _a19-28 | ||
| 362 | _aMay | ||
| 650 | _aMarketing - Research - India | ||
| 773 | _aLok Udyog | ||
| 909 | _a13226 | ||
| 999 |
_c13226 _d13226 |
||